<?xml version="1.0" encoding="UTF-8"?>
<record
    xmlns:xsi="http://www.w3.org/2001/XMLSchema-instance"
    xsi:schemaLocation="http://www.loc.gov/MARC21/slim http://www.loc.gov/standards/marcxml/schema/MARC21slim.xsd"
    xmlns="http://www.loc.gov/MARC21/slim">

  <leader>00699nam a22002537a 4500</leader>
  <controlfield tag="005">20250910121739.0</controlfield>
  <controlfield tag="008">250910b        |||||||| |||| 00| 0 eng d</controlfield>
  <datafield tag="020" ind1=" " ind2=" ">
    <subfield code="a">9789351431428</subfield>
  </datafield>
  <datafield tag="040" ind1=" " ind2=" ">
    <subfield code="c">AL</subfield>
  </datafield>
  <datafield tag="041" ind1=" " ind2=" ">
    <subfield code="a">English</subfield>
  </datafield>
  <datafield tag="082" ind1=" " ind2=" ">
    <subfield code="a">342</subfield>
    <subfield code="b">BASC</subfield>
  </datafield>
  <datafield tag="100" ind1=" " ind2=" ">
    <subfield code="a">Durga das basu;[et.al.]</subfield>
    <subfield code="9">238485</subfield>
  </datafield>
  <datafield tag="245" ind1=" " ind2=" ">
    <subfield code="a">Comparative constitutional law</subfield>
  </datafield>
  <datafield tag="250" ind1=" " ind2=" ">
    <subfield code="a">3</subfield>
  </datafield>
  <datafield tag="260" ind1=" " ind2=" ">
    <subfield code="a">Haryana</subfield>
    <subfield code="b">LexisNexis</subfield>
    <subfield code="c">2014</subfield>
  </datafield>
  <datafield tag="300" ind1=" " ind2=" ">
    <subfield code="a">459 p.</subfield>
    <subfield code="b">PB</subfield>
    <subfield code="c">24x16 cm.</subfield>
  </datafield>
  <datafield tag="365" ind1=" " ind2=" ">
    <subfield code="a">583</subfield>
    <subfield code="b">&#x20B9;746.25</subfield>
    <subfield code="c">&#x20B9;</subfield>
    <subfield code="d">&#x20B9;995.00</subfield>
    <subfield code="e">25%</subfield>
    <subfield code="f">03-09-2025</subfield>
  </datafield>
  <datafield tag="650" ind1=" " ind2=" ">
    <subfield code="a">law</subfield>
    <subfield code="9">238486</subfield>
  </datafield>
  <datafield tag="700" ind1=" " ind2=" ">
    <subfield code="a">Patnaik,G B</subfield>
    <subfield code="9">238487</subfield>
  </datafield>
  <datafield tag="700" ind1=" " ind2=" ">
    <subfield code="a">Das, Yasobant</subfield>
    <subfield code="9">238488</subfield>
  </datafield>
  <datafield tag="700" ind1=" " ind2=" ">
    <subfield code="a">Das, Rita</subfield>
    <subfield code="9">238489</subfield>
  </datafield>
  <datafield tag="700" ind1=" " ind2=" ">
    <subfield code="a">Tiwary,arvind kumar</subfield>
    <subfield code="9">238490</subfield>
  </datafield>
  <datafield tag="942" ind1=" " ind2=" ">
    <subfield code="2">ddc</subfield>
    <subfield code="c">BK</subfield>
  </datafield>
  <datafield tag="999" ind1=" " ind2=" ">
    <subfield code="c">240418</subfield>
    <subfield code="d">240418</subfield>
  </datafield>
  <datafield tag="952" ind1=" " ind2=" ">
    <subfield code="0">0</subfield>
    <subfield code="1">0</subfield>
    <subfield code="2">ddc</subfield>
    <subfield code="4">0</subfield>
    <subfield code="7">0</subfield>
    <subfield code="8">Law</subfield>
    <subfield code="a">LL</subfield>
    <subfield code="b">LL</subfield>
    <subfield code="d">2025-09-10</subfield>
    <subfield code="g">746.25</subfield>
    <subfield code="l">1</subfield>
    <subfield code="o">342 BASC</subfield>
    <subfield code="p">LL002430</subfield>
    <subfield code="r">2025-10-31 08:49:21</subfield>
    <subfield code="s">2025-10-28</subfield>
    <subfield code="v">995.00</subfield>
    <subfield code="w">2025-09-03</subfield>
    <subfield code="y">BK</subfield>
  </datafield>
  <datafield tag="952" ind1=" " ind2=" ">
    <subfield code="0">0</subfield>
    <subfield code="1">0</subfield>
    <subfield code="2">ddc</subfield>
    <subfield code="4">0</subfield>
    <subfield code="7">0</subfield>
    <subfield code="8">Law</subfield>
    <subfield code="a">LL</subfield>
    <subfield code="b">LL</subfield>
    <subfield code="d">2025-09-10</subfield>
    <subfield code="g">746.25</subfield>
    <subfield code="l">1</subfield>
    <subfield code="o">342 BASC</subfield>
    <subfield code="p">LL002431</subfield>
    <subfield code="r">2026-01-07 10:41:22</subfield>
    <subfield code="s">2025-10-28</subfield>
    <subfield code="v">995.00</subfield>
    <subfield code="w">2025-09-03</subfield>
    <subfield code="y">BK</subfield>
  </datafield>
  <datafield tag="952" ind1=" " ind2=" ">
    <subfield code="0">0</subfield>
    <subfield code="1">0</subfield>
    <subfield code="2">ddc</subfield>
    <subfield code="4">0</subfield>
    <subfield code="7">0</subfield>
    <subfield code="8">Law</subfield>
    <subfield code="a">LL</subfield>
    <subfield code="b">LL</subfield>
    <subfield code="d">2025-09-10</subfield>
    <subfield code="g">746.25</subfield>
    <subfield code="l">2</subfield>
    <subfield code="o">342 BASC</subfield>
    <subfield code="p">LL002432</subfield>
    <subfield code="r">2025-11-12 14:05:50</subfield>
    <subfield code="s">2025-11-11</subfield>
    <subfield code="v">995.00</subfield>
    <subfield code="w">2025-09-03</subfield>
    <subfield code="y">BK</subfield>
  </datafield>
  <datafield tag="952" ind1=" " ind2=" ">
    <subfield code="0">0</subfield>
    <subfield code="1">0</subfield>
    <subfield code="2">ddc</subfield>
    <subfield code="4">0</subfield>
    <subfield code="7">0</subfield>
    <subfield code="8">Law</subfield>
    <subfield code="a">LL</subfield>
    <subfield code="b">LL</subfield>
    <subfield code="d">2025-09-10</subfield>
    <subfield code="g">746.25</subfield>
    <subfield code="l">1</subfield>
    <subfield code="o">342 BASC</subfield>
    <subfield code="p">LL002433</subfield>
    <subfield code="r">2026-01-06 09:11:45</subfield>
    <subfield code="s">2025-09-12</subfield>
    <subfield code="v">995.00</subfield>
    <subfield code="w">2025-09-03</subfield>
    <subfield code="y">BK</subfield>
  </datafield>
  <datafield tag="952" ind1=" " ind2=" ">
    <subfield code="0">0</subfield>
    <subfield code="1">0</subfield>
    <subfield code="2">ddc</subfield>
    <subfield code="4">0</subfield>
    <subfield code="7">0</subfield>
    <subfield code="8">Law</subfield>
    <subfield code="a">LL</subfield>
    <subfield code="b">LL</subfield>
    <subfield code="d">2025-09-10</subfield>
    <subfield code="g">746.25</subfield>
    <subfield code="l">5</subfield>
    <subfield code="o">342 BASC</subfield>
    <subfield code="p">LL002434</subfield>
    <subfield code="r">2025-11-26 15:43:01</subfield>
    <subfield code="s">2025-11-15</subfield>
    <subfield code="v">995.00</subfield>
    <subfield code="w">2025-09-03</subfield>
    <subfield code="y">BK</subfield>
  </datafield>
  <datafield tag="952" ind1=" " ind2=" ">
    <subfield code="0">0</subfield>
    <subfield code="1">0</subfield>
    <subfield code="2">ddc</subfield>
    <subfield code="4">0</subfield>
    <subfield code="7">0</subfield>
    <subfield code="8">Law</subfield>
    <subfield code="a">LL</subfield>
    <subfield code="b">LL</subfield>
    <subfield code="d">2025-09-10</subfield>
    <subfield code="g">746.25</subfield>
    <subfield code="l">2</subfield>
    <subfield code="m">1</subfield>
    <subfield code="o">342 BASC</subfield>
    <subfield code="p">LL002435</subfield>
    <subfield code="r">2025-12-08 12:36:19</subfield>
    <subfield code="s">2025-11-29</subfield>
    <subfield code="v">995.00</subfield>
    <subfield code="w">2025-09-03</subfield>
    <subfield code="y">BK</subfield>
  </datafield>
  <datafield tag="952" ind1=" " ind2=" ">
    <subfield code="0">0</subfield>
    <subfield code="1">0</subfield>
    <subfield code="2">ddc</subfield>
    <subfield code="4">0</subfield>
    <subfield code="7">0</subfield>
    <subfield code="8">Law</subfield>
    <subfield code="a">LL</subfield>
    <subfield code="b">LL</subfield>
    <subfield code="d">2025-09-10</subfield>
    <subfield code="g">746.25</subfield>
    <subfield code="l">4</subfield>
    <subfield code="o">342 BASC</subfield>
    <subfield code="p">LL002436</subfield>
    <subfield code="r">2025-12-08 10:38:08</subfield>
    <subfield code="s">2025-11-29</subfield>
    <subfield code="v">995.00</subfield>
    <subfield code="w">2025-09-03</subfield>
    <subfield code="y">BK</subfield>
  </datafield>
  <datafield tag="952" ind1=" " ind2=" ">
    <subfield code="0">0</subfield>
    <subfield code="1">0</subfield>
    <subfield code="2">ddc</subfield>
    <subfield code="4">0</subfield>
    <subfield code="7">0</subfield>
    <subfield code="8">Law</subfield>
    <subfield code="a">LL</subfield>
    <subfield code="b">LL</subfield>
    <subfield code="d">2025-09-10</subfield>
    <subfield code="g">746.25</subfield>
    <subfield code="l">2</subfield>
    <subfield code="o">342 BASC</subfield>
    <subfield code="p">LL002437</subfield>
    <subfield code="r">2025-11-13 08:27:00</subfield>
    <subfield code="s">2025-11-05</subfield>
    <subfield code="v">995.00</subfield>
    <subfield code="w">2025-09-03</subfield>
    <subfield code="y">BK</subfield>
  </datafield>
  <datafield tag="952" ind1=" " ind2=" ">
    <subfield code="0">0</subfield>
    <subfield code="1">0</subfield>
    <subfield code="2">ddc</subfield>
    <subfield code="4">0</subfield>
    <subfield code="7">0</subfield>
    <subfield code="8">Law</subfield>
    <subfield code="a">LL</subfield>
    <subfield code="b">LL</subfield>
    <subfield code="d">2025-09-10</subfield>
    <subfield code="g">746.25</subfield>
    <subfield code="l">3</subfield>
    <subfield code="o">342 BASC</subfield>
    <subfield code="p">LL002438</subfield>
    <subfield code="r">2025-12-19 15:41:39</subfield>
    <subfield code="s">2025-12-17</subfield>
    <subfield code="v">995.00</subfield>
    <subfield code="w">2025-09-03</subfield>
    <subfield code="y">BK</subfield>
  </datafield>
  <datafield tag="952" ind1=" " ind2=" ">
    <subfield code="0">0</subfield>
    <subfield code="1">0</subfield>
    <subfield code="2">ddc</subfield>
    <subfield code="4">0</subfield>
    <subfield code="7">0</subfield>
    <subfield code="8">Law</subfield>
    <subfield code="a">LL</subfield>
    <subfield code="b">LL</subfield>
    <subfield code="d">2025-09-10</subfield>
    <subfield code="g">746.25</subfield>
    <subfield code="l">5</subfield>
    <subfield code="m">1</subfield>
    <subfield code="o">342 BASC</subfield>
    <subfield code="p">LL002439</subfield>
    <subfield code="r">2025-11-28 08:58:02</subfield>
    <subfield code="s">2025-11-07</subfield>
    <subfield code="v">995.00</subfield>
    <subfield code="w">2025-09-03</subfield>
    <subfield code="y">BK</subfield>
  </datafield>
  <datafield tag="952" ind1=" " ind2=" ">
    <subfield code="0">0</subfield>
    <subfield code="1">0</subfield>
    <subfield code="2">ddc</subfield>
    <subfield code="4">0</subfield>
    <subfield code="7">0</subfield>
    <subfield code="8">Law</subfield>
    <subfield code="a">LL</subfield>
    <subfield code="b">LL</subfield>
    <subfield code="d">2026-04-18</subfield>
    <subfield code="e">MPP House Bengaluru -560009</subfield>
    <subfield code="g">746.25</subfield>
    <subfield code="l">0</subfield>
    <subfield code="o">342 BASC</subfield>
    <subfield code="p">LL002630</subfield>
    <subfield code="r">2026-04-21 10:25:31</subfield>
    <subfield code="v">995.00</subfield>
    <subfield code="w">2026-03-14</subfield>
    <subfield code="y">BK</subfield>
  </datafield>
  <datafield tag="952" ind1=" " ind2=" ">
    <subfield code="0">0</subfield>
    <subfield code="1">0</subfield>
    <subfield code="2">ddc</subfield>
    <subfield code="4">0</subfield>
    <subfield code="7">0</subfield>
    <subfield code="8">Law</subfield>
    <subfield code="a">LL</subfield>
    <subfield code="b">LL</subfield>
    <subfield code="d">2026-04-18</subfield>
    <subfield code="e">MPP House Bengaluru -560009</subfield>
    <subfield code="g">746.25</subfield>
    <subfield code="l">0</subfield>
    <subfield code="o">342 BASC</subfield>
    <subfield code="p">LL002631</subfield>
    <subfield code="r">2026-04-21 10:25:31</subfield>
    <subfield code="v">995.00</subfield>
    <subfield code="w">2026-03-14</subfield>
    <subfield code="y">BK</subfield>
  </datafield>
  <datafield tag="952" ind1=" " ind2=" ">
    <subfield code="0">0</subfield>
    <subfield code="1">0</subfield>
    <subfield code="2">ddc</subfield>
    <subfield code="4">0</subfield>
    <subfield code="7">0</subfield>
    <subfield code="8">Law</subfield>
    <subfield code="a">LL</subfield>
    <subfield code="b">LL</subfield>
    <subfield code="d">2026-04-18</subfield>
    <subfield code="e">MPP House Bengaluru -560009</subfield>
    <subfield code="g">746.25</subfield>
    <subfield code="l">0</subfield>
    <subfield code="o">342 BASC</subfield>
    <subfield code="p">LL002632</subfield>
    <subfield code="r">2026-04-21 10:25:31</subfield>
    <subfield code="v">995.00</subfield>
    <subfield code="w">2026-03-14</subfield>
    <subfield code="y">BK</subfield>
  </datafield>
</record>
